A pictorial history of New England / (Record no. 1063)

MARC details
000 -LEADER
fixed length control field 00671cam a2200253 i 4500
005 - DATE AND TIME OF LATEST TRANSACTION
control field 20260322212045.0
008 - FIXED-LENGTH DATA ELEMENTS--GENERAL INFORMATION
fixed length control field data
010 ## - LIBRARY OF CONGRESS CONTROL NUMBER
LC control number 76003669
020 ## - INTERNATIONAL STANDARD BOOK NUMBER
International Standard Book Number 0517523469
020 ## - INTERNATIONAL STANDARD BOOK NUMBER
International Standard Book Number 9780517523469
040 ## - CATALOGING SOURCE
Original cataloging agency DLC
Transcribing agency DLC
Modifying agency DLC
043 ## - GEOGRAPHIC AREA CODE
Geographic area code n-usn--
050 00 - LIBRARY OF CONGRESS CALL NUMBER
Classification number F4
Item number .W3 1976
082 00 - DEWEY DECIMAL CLASSIFICATION NUMBER
Classification number 974
092 ## - LOCALLY ASSIGNED DEWEY CALL NUMBER (OCLC)
Classification number 974 W3 1976
001 - CONTROL NUMBER
control field data
245 02 - TITLE STATEMENT
Title A pictorial history of New England /
Statement of responsibility, etc. edited by Edward Wagenknecht.
260 ## - PUBLICATION, DISTRIBUTION, ETC.
Place of publication, distribution, etc. New York :
Name of publisher, distributor, etc. Crown Publishers,
Date of publication, distribution, etc. c1976.
300 ## - PHYSICAL DESCRIPTION
Extent x, 342 p. :
Other physical details ill. ;
Dimensions 29 cm.
500 ## - GENERAL NOTE
General note Includes index.
504 ## - BIBLIOGRAPHY, ETC. NOTE
Bibliography, etc. note Bibliography: p. 330-333.
651 #0 - SUBJECT ADDED ENTRY--GEOGRAPHIC NAME
Geographic name New England
General subdivision History.
700 1# - ADDED ENTRY--PERSONAL NAME
Personal name Wagenknecht, Edward,
Dates associated with a name 1900-
Holdings
Withdrawn status Lost status Damaged status Not for loan Home library Current library Shelving location Date acquired Total checkouts Full call number Barcode Date last seen Price effective from Koha item type
        Pleasant Valley Pleasant Valley General stacks 22/03/2026   974 BC0011097 22/03/2026 22/03/2026 Books